000 00418nam a2200157Ia 4500
999 _c58248
_d58245
082 _aR/6IT12
100 _aWaqas Jutt
100 _aRoll No. 12BS(IT)22
100 _aSupervisor - Saifullah Memon
245 0 _aAuto Lube
260 _aNawabshah
_bQUEST
_c2016
300 _a50p
700 _aRaheel Ahmed Khan (Roll No. 12BS(IT)21)
700 _aAbdul Latif Nawaz Makhdoom (Roll No. 12BS(IT)59)
942 _cTHESIS